000 00286nam a22001337a 4500
008 170926b xxu||||| |||| 00| 0 eng d
020 _a9780789448606
041 _aeng
080 _a37
100 _a46
101 _aEDU
245 _aWRITING YOUR RESUME
_cHOWARD,S
942 _2udc
_cBK
999 _c30062
_d30062